[Event "Olomouc Chess Summer 2025 - D1"]
[Site "Olomouc (CZE), Hotel Flora"]
[Date "2025.08.18"]
[Round "2"]
[Board "3"]
[White "Ptacek, Lubos"]
[Black "Zidu, Jan"]
[Result "1/2-1/2"]
[WhiteElo "2074"]
[BlackElo "1940"]
[PlyCount "0"]
[EventDate "2025.08.17"]
[EventRounds "9"]
[EventCountry "CZE"]

1. e4 e5 2. Nf3 Nf6 3. Nc3 Nc6 4. d3 d5 5. exd5 Nxd5 6. Bd2 Bb4 7. Be2 O-O 8. O-O
Bg4 9. h3 Bf5 10. Re1 f6 11. Ne4 Bxd2 12. Qxd2 Nf4 13. Bf1 Nd4 14. Nxd4 Qxd4 15.
c3 Qd5 16. Qe3 Bxe4 17. dxe4 Qc6 18. Rad1 b6 19. Rd2 Rfd8 20. Red1 Rd6 21. Rxd6 cxd6
22. g3 Ne6 23. b3 Kf8 24. Bc4 Nc7 25. a4 Ke7 26. Qf3 Qe8 27. Rd2 Rd8 28. Qe3 Qc6
29. Kh2 a6 30. Qf3 b5 31. axb5 axb5 32. Be2 Ne6 33. Qd3 Nc5 34. Qxb5 Qxb5 35. Bxb5
Nxb3 36. Ra2 Nc5 37. Ra7+ Kf8 38. Bc6 Kg8 39. h4 h5 40. g4 hxg4 41. Kg3 Kh7 42. Kxg4
Kh6 43. f3 Nd3 44. Rc7 Nf4 45. c4 Rb8 46. Bb7 Ne6 47. Re7 Nc5 48. Bd5 Rb1 49. Re8
Kh7 50. Bg8+ Kh6 51. Bf7 g6 52. Rg8 Rg1+ 53. Kh3 Nd3 54. Kh2 Rf1 55. Rxg6+ Kh7 56.
Rxf6 Kg7 57. Rf5 Nf4 58. Bd5 Rxf3 59. Rf7+ Kg6 60. Rd7 Kh5 61. Rxd6 Kxh4 62. Rh6+
Kg5 63. Rh8 Nd3 64. Kg2 Rf2+ 65. Kg3 Rc2 66. Rc8 Rc3 67. Kg2 Kf4 68. Rf8+ Ke3 69.
Kg3 Kd4 70. Rd8  1/2-1/2

[Event "Olomouc Chess Summer 2025 - D1"]
[Site "Olomouc (CZE), Hotel Flora"]
[Date "2025.08.18"]
[Round "2"]
[Board "4"]
[White "Navratil, Jiri"]
[Black "Vales, Vaclav"]
[Result "1/2-1/2"]
[WhiteElo "1922"]
[BlackElo "2059"]
[PlyCount "0"]
[EventDate "2025.08.17"]
[EventRounds "9"]
[EventCountry "CZE"]

1. d4 d5 2. Nf3 Nf6 3. Bf4 c5 4. c3 cxd4 5. Nxd4 Nc6 6. e3 Qb6 7. Nb3 Bf5 8. N1d2
e5 9. Bg3 Be7 10. Be2 O-O 11. O-O Rfe8 12. h3 Rad8 13. Qc1 a5 14. a4 Bf8 15. Bb5
Ne4 16. Nxe4 Bxe4 17. Nd2  1/2-1/2

[Event "Olomouc Chess Summer 2025 - D1"]
[Site "Olomouc (CZE), Hotel Flora"]
[Date "2025.08.18"]
[Round "2"]
[Board "5"]
[White "Buciu, Aurel-John"]
[Black "Glimbrant, Torbjorn"]
[Result "0-1"]
[WhiteElo "1871"]
[BlackElo "2039"]
[PlyCount "0"]
[EventDate "2025.08.17"]
[EventRounds "9"]
[EventCountry "CZE"]

1. d4 d5 2. Bf4 c5 3. e3 cxd4 4. exd4 Nc6 5. Nf3 Bg4 6. c3 Bxf3 7. Qxf3 e6 8. Bd3
Bd6 9. Bg3 Nge7 10. Nd2 a6 11. O-O O-O 12. Rfe1 Bxg3 13. Qxg3 b5 14. Nb3 b4 15. Nc5
a5 16. Rxe6 fxe6 17. Nxe6 Nf5 18. Bxf5 Qf6 19. Nxf8 Qxf5 20. Nxh7 Kxh7 21. Re1 Rf8
22. f3 Rf6 23. cxb4 axb4 24. a3 bxa3 25. bxa3 Qd3 26. Qh4+ Rh6 27. Qf4 Nxd4 28. Qg5
Nxf3+ 29. gxf3 Rg6 30. Qxg6+ Kxg6 31. Kf2 Qxa3  0-1

[Event "Olomouc Chess Summer 2025 - D1"]
[Site "Olomouc (CZE), Hotel Flora"]
[Date "2025.08.18"]
[Round "3"]
[Board "1"]
[White "Glimbrant, Torbjorn"]
[Black "Boleslav, Petr"]
[Result "1/2-1/2"]
[WhiteElo "2039"]
[BlackElo "1997"]
[PlyCount "0"]
[EventDate "2025.08.17"]
[EventRounds "9"]
[EventCountry "CZE"]

1. d4 Nf6 2. Nf3 d6 3. c4 g6 4. Nc3 Bg7 5. e4 O-O 6. Be2 e5 7. dxe5 dxe5 8. Qxd8
Rxd8 9. Bg5 Re8 10. Nd5 Nxd5 11. cxd5 Bf8 12. O-O Nd7 13. Nd2 Nb6 14. Rfc1 Bd6 15.
a4 Bd7 16. a5 Nc8 17. Be3 a6 18. f3 Na7 19. Bc5 Bb5 20. Bxd6 cxd6 21. Nc4 Bxc4 22.
Bxc4 Rac8 23. Bd3 Rxc1+ 24. Rxc1 Rc8  1/2-1/2

[Event "Olomouc Chess Summer 2025 - D1"]
[Site "Olomouc (CZE), Hotel Flora"]
[Date "2025.08.18"]
[Round "3"]
[Board "2"]
[White "Bartos, Jan"]
[Black "Jiruse, Josef"]
[Result "1/2-1/2"]
[WhiteElo "2167"]
[BlackElo "1970"]
[PlyCount "0"]
[EventDate "2025.08.17"]
[EventRounds "9"]
[EventCountry "CZE"]

1. d4 Nf6 2. Nf3 d5 3. c4 c6 4. e3 e6 5. Nbd2 Nbd7 6. Bd3 dxc4 7. Nxc4 b5 8. Nce5
Bb7 9. O-O a6 10. b3 c5 11. Bb2 cxd4 12. Nxd7 Qxd7 13. Bxd4 Ba3 14. Rb1 Qe7 15. Ne5
O-O 16. Ng4 Nxg4 17. Qxg4 e5 18. Qf5 e4  1/2-1/2

[Event "Olomouc Chess Summer 2025 - D1"]
[Site "Olomouc (CZE), Hotel Flora"]
[Date "2025.08.18"]
[Round "3"]
[Board "3"]
[White "Moingt, Jean-Claude"]
[Black "Motyl, Tomasz"]
[Result "1/2-1/2"]
[WhiteElo "2102"]
[BlackElo "1941"]
[PlyCount "0"]
[EventDate "2025.08.17"]
[EventRounds "9"]
[EventCountry "CZE"]

1. e4 c6 2. Nc3 d5 3. Nf3 dxe4 4. Nxe4 Nf6 5. Qe2 Nxe4 6. Qxe4 Nd7 7. Bc4 Nf6 8.
Ne5 e6 9. Qe2 b5 10. Bb3 Qc7 11. d4 Bd6 12. O-O O-O 13. Bf4 Nd5 14. Bg3 a5 15. c3
f6 16. Nf3 Re8 17. Bc2 Ba6 18. Qd3 g6 19. Bxd6 Qxd6 20. Rfe1 c5 21. dxc5 Qxc5 22.
Qd4 Qxd4 23. Nxd4 Kf7 24. Be4 Rad8 25. Nc6 Rd6 26. Nxa5 Nb6 27. Nb7 Bxb7 28. Bxb7
Na4 29. Re2 Red8  1/2-1/2

[Event "Olomouc Chess Summer 2025 - D1"]
[Site "Olomouc (CZE), Hotel Flora"]
[Date "2025.08.18"]
[Round "3"]
[Board "4"]
[White "Richter, Martin"]
[Black "Ptacek, Lubos"]
[Result "1/2-1/2"]
[WhiteElo "1934"]
[BlackElo "2074"]
[PlyCount "0"]
[EventDate "2025.08.17"]
[EventRounds "9"]
[EventCountry "CZE"]

1. e4 e5 2. Nf3 Nc6 3. Nc3 d6 4. h3 Nf6 5. d4 Be7 6. Bb5 Bd7 7. O-O exd4 8. Nxd4
Nxd4 9. Bxd7+ Qxd7 10. Qxd4 O-O 11. Bf4 Rfe8 12. Rfe1 a6 13. Rad1 Rad8 14. Nd5 Nxd5
15. Qxd5 Qc6 16. Qxc6 bxc6 17. e5 d5 18. e6 Bd6 19. Bxd6 cxd6 20. exf7+ Kxf7 21.
Rxe8 Rxe8 22. Kf1 Rb8 23. b3 Ke6 24. Re1+  1/2-1/2

[Event "Olomouc Chess Summer 2025 - D1"]
[Site "Olomouc (CZE), Hotel Flora"]
[Date "2025.08.18"]
[Round "3"]
[Board "5"]
[White "Vales, Vaclav"]
[Black "Heyl, Thomas"]
[Result "1-0"]
[WhiteElo "2059"]
[BlackElo "1940"]
[PlyCount "0"]
[EventDate "2025.08.17"]
[EventRounds "9"]
[EventCountry "CZE"]

1. d4 Nf6 2. c4 e6 3. Nf3 d5 4. Nc3 Nbd7 5. cxd5 exd5 6. Bg5 Bb4 7. Qc2 c5 8. e3
Qa5 9. Nd2 cxd4 10. exd4 O-O 11. Be2 Re8 12. Be3 Nf8 13. h3 Bd7 14. O-O Rac8 15.
Nb3 Qd8 16. Nc5 b6 17. Nxd7 Qxd7 18. Ba6 Ne4 19. Bxc8 Rxc8 20. Qb3 Bxc3 21. bxc3
Rxc3 22. Qb2 g5 23. Rac1 Rxc1 24. Qxc1 g4 25. hxg4 Ne6 26. g3 Nd6 27. Kg2 Nf8 28.
f3 Nc4 29. Bf2 Ne6 30. Rh1 Qe7 31. Rh5 Qd8 32. Qh6 Nf8 33. Qg5+ Qxg5 34. Rxg5+ Ng6
35. Rxd5  1-0

[Event "Olomouc Chess Summer 2025 - D1"]
[Site "Olomouc (CZE), Hotel Flora"]
[Date "2025.08.19"]
[Round "4"]
[Board "1"]
[White "Boleslav, Petr"]
[Black "Vales, Vaclav"]
[Result "0-1"]
[WhiteElo "1997"]
[BlackElo "2059"]
[PlyCount "0"]
[EventDate "2025.08.17"]
[EventRounds "9"]
[EventCountry "CZE"]

1. e4 c5 2. Nf3 Nc6 3. Bb5 e6 4. O-O Nge7 5. Re1 a6 6. Bf1 d5 7. exd5 Nxd5 8. d4
Nf6 9. Be3 cxd4 10. Nxd4 Nxd4 11. Bxd4 Be7 12. c4 O-O 13. Nc3 Bd7 14. Qd3 Bc6 15.
Rad1 Qa5 16. Qg3 Rfd8 17. a3 Rd7 18. Rd3 Rad8 19. b4 Qf5 20. b5 Rxd4 21. Rxd4 Rxd4
22. bxc6 Bd6 23. c7 Qc5 24. Qe3 Bxh2+ 25. Kh1 Bxc7 26. g3 Ng4 27. Qe2 Qh5+ 28. Kg2
Qh2+ 29. Kf3 Ne5+ 30. Ke3 Rd3+ 31. Ke4 f5+  0-1

[Event "Olomouc Chess Summer 2025 - D1"]
[Site "Olomouc (CZE), Hotel Flora"]
[Date "2025.08.19"]
[Round "4"]
[Board "2"]
[White "Aubert, Carsten"]
[Black "Glimbrant, Torbjorn"]
[Result "0-1"]
[WhiteElo "2004"]
[BlackElo "2039"]
[PlyCount "0"]
[EventDate "2025.08.17"]
[EventRounds "9"]
[EventCountry "CZE"]

1. d4 Nf6 2. c4 e6 3. Nc3 Bb4 4. Qc2 c5 5. dxc5 O-O 6. Nf3 Na6 7. a3 Bxc3+ 8. Qxc3
Nxc5 9. Bf4 Nce4 10. Qc2 b6 11. e3 Bb7 12. Rc1 Qe7 13. Be2 Rfc8 14. O-O d6 15. b4
Nh5 16. Bg3 Nhxg3 17. hxg3 d5 18. Qb2 dxc4 19. Bxc4 Qf6 20. Qxf6 gxf6 21. Rfd1 Rc7
22. Bd3 Rac8 23. Rxc7 Rxc7 24. Ra1 e5 25. Ne1 Rc3 26. Kf1 Nd6 27. Be2 Kf8 28. Rd1
Ke7 29. Rd3 Rc1 30. Rd1 Rxd1 31. Bxd1 Nb5 32. Nc2 Be4 33. f3 Bxc2 34. Bxc2 Nxa3 35.
Bxh7 Nc4 36. Ke2 a5 37. bxa5 bxa5 38. Kd3 Nd6 39. Kc3 f5 40. g4 fxg4 41. Bc2 Kf6
42. fxg4 Kg5 43. Bd1 Kh4 44. Be2 f6 45. Kb3 Kg3 46. Ka4 Kxg2 47. Kxa5 Kf2 48. Bd1
Nc4+ 49. Kb5 Nxe3 50. Bb3 Nxg4  0-1

[Event "Olomouc Chess Summer 2025 - D1"]
[Site "Olomouc (CZE), Hotel Flora"]
[Date "2025.08.19"]
[Round "4"]
[Board "3"]
[White "Bartos, Jan"]
[Black "Simecek, Bohumil"]
[Result "1-0"]
[WhiteElo "2167"]
[BlackElo "1991"]
[PlyCount "0"]
[EventDate "2025.08.17"]
[EventRounds "9"]
[EventCountry "CZE"]

1. e4 e6 2. d4 d5 3. Nc3 Nf6 4. e5 Nfd7 5. f4 c5 6. Nf3 Nc6 7. Be3 a6 8. Qd2 b5 9.
Nd1 cxd4 10. Nxd4 Nxd4 11. Bxd4 Bc5 12. Bxc5 Nxc5 13. Nf2 O-O 14. Qd4 Qc7 15. Be2
Bb7 16. O-O Rac8 17. c3 Qb6 18. a4 bxa4 19. Nd3 a5 20. Nxc5 Qxc5 21. Rxa4 Qxd4+ 22.
Rxd4 Bc6 23. Ra1 a4 24. Bd1 Rb8 25. Rb4 Rxb4 26. cxb4 Ra8 27. Kf2 Kf8 28. Ke3 Ke7
29. Kd4 Kd7 30. Kc5 Kc7 31. b5 Ra5 32. Be2 Be8 33. Ra3  1-0

[Event "Olomouc Chess Summer 2025 - D1"]
[Site "Olomouc (CZE), Hotel Flora"]
[Date "2025.08.19"]
[Round "4"]
[Board "4"]
[White "Heller, Jan"]
[Black "Moingt, Jean-Claude"]
[Result "1-0"]
[WhiteElo "1919"]
[BlackElo "2102"]
[PlyCount "0"]
[EventDate "2025.08.17"]
[EventRounds "9"]
[EventCountry "CZE"]

1. d4 Nf6 2. Bf4 d6 3. e3 Nbd7 4. Nf3 g6 5. Bd3 Bg7 6. h4 c5 7. c3 Nh5 8. Bh2 cxd4
9. exd4 Ndf6 10. Bb5+ Bd7 11. Qa4 Ng4 12. O-O Nxh2 13. Bxd7+ Qxd7 14. Qxd7+ Kxd7
15. Kxh2 f5 16. Na3 Nf6 17. Nc4 b5 18. Ne3 f4 19. Nc2 h6 20. Rad1 Nd5 21. Nd2 g5
22. Ne4 g4 23. Ne1 Rhf8 24. Nd3 Rf5 25. g3 Raf8 26. gxf4 Nxf4 27. Ng3 R5f7 28. Nxf4
Rxf4 29. Nh5 R4f7 30. Nxg7 Rxg7 31. Rd3 Rgf7 32. Kg3 h5 33. Re3 Rf3+ 34. Rxf3 Rxf3+
35. Kg2 e6 36. Rc1 Rd3 37. Rf1 Rf3 38. Rc1 Kc6 39. c4 b4 40. Re1 Rd3 41. Rxe6 Rxd4
42. Rh6 Rd2 43. Rxh5 Rxb2 44. Ra5 Kb6 45. Rb5+ Kc6 46. h5 Rxa2 47. h6 Ra3 48. Rh5
Rh3 49. Rxh3 gxh3+ 50. Kxh3 b3 51. h7 b2 52. h8=Q b1=Q 53. Qc8+  1-0

[Event "Olomouc Chess Summer 2025 - D1"]
[Site "Olomouc (CZE), Hotel Flora"]
[Date "2025.08.19"]
[Round "4"]
[Board "5"]
[White "Ptacek, Lubos"]
[Black "Bazantova, Marie"]
[Result "1/2-1/2"]
[WhiteElo "2074"]
[BlackElo "1900"]
[PlyCount "0"]
[EventDate "2025.08.17"]
[EventRounds "9"]
[EventCountry "CZE"]

1. e4 c5 2. Nf3 Nf6 3. Nc3 Nc6 4. d4 d5 5. exd5 Nxd5 6. Bc4 e6 7. O-O Nxc3 8. bxc3
Be7 9. Be3 O-O 10. Qe2 b6 11. a4 Na5 12. Bd3 Qc7 13. Bg5 Bb7 14. Bxe7 Qxe7 15. Ne5
Rad8 16. Rfd1 Qg5 17. Be4 Bd5 18. Bxd5 Rxd5 19. Nf3 Qf5 20. c4 Rdd8 21. c3 Nc6 22.
Rd3 Rfe8 23. Rad1 Na5 24. Re3 cxd4 25. cxd4 Rc8 26. Rc3 h6 27. h3 Red8 28. Ne5 Nc6
29. Nf3 Qf6 30. Qe3 Rd6 31. c5 bxc5 32. Rxc5 Rcd8  1/2-1/2

[Event "Olomouc Chess Summer 2025 - D1"]
[Site "Olomouc (CZE), Hotel Flora"]
[Date "2025.08.20"]
[Round "5"]
[Board "1"]
[White "Vales, Vaclav"]
[Black "Glimbrant, Torbjorn"]
[Result "1/2-1/2"]
[WhiteElo "2059"]
[BlackElo "2039"]
[PlyCount "0"]
[EventDate "2025.08.17"]
[EventRounds "9"]
[EventCountry "CZE"]

1. d4 Nf6 2. c4 e6 3. Nf3 d5 4. Nc3 Bb4 5. Qa4+ Nc6 6. e3 O-O 7. Bd3 Bd7 8. Qc2 Qe7
9. O-O Rfe8 10. a3 dxc4 11. Bxc4 Bd6 12. Nb5 a6 13. Nxd6 cxd6 14. Re1 Rac8 15. Qd1
h6 16. e4 e5 17. d5 Nd4 18. Nd2 Rc7 19. b3 b5 20. Bd3 Rec8 21. Bb2 Nc2 22. Bxc2 Rxc2
23. Rb1 R2c7 24. Qe2  1/2-1/2

[Event "Olomouc Chess Summer 2025 - D1"]
[Site "Olomouc (CZE), Hotel Flora"]
[Date "2025.08.20"]
[Round "5"]
[Board "2"]
[White "Bednar, Jan"]
[Black "Bartos, Jan"]
[Result "0-1"]
[WhiteElo "2014"]
[BlackElo "2167"]
[PlyCount "0"]
[EventDate "2025.08.17"]
[EventRounds "9"]
[EventCountry "CZE"]

1. d4 Nf6 2. Nf3 e6 3. c4 Bb4+ 4. Bd2 c5 5. a3 Bxd2+ 6. Qxd2 cxd4 7. Nxd4 Nc6 8.
Nc3 O-O 9. e3 d5 10. cxd5 exd5 11. Be2 Re8 12. Rc1 Bd7 13. b4 Ne4 14. Nxc6 Bxc6 15.
Qd4 Nxc3 16. Rxc3 Re4 17. Qd1 d4 18. Rd3 Bb5 19. Rxd4 Rxd4 20. Qxd4 Qxd4  0-1

[Event "Olomouc Chess Summer 2025 - D1"]
[Site "Olomouc (CZE), Hotel Flora"]
[Date "2025.08.20"]
[Round "5"]
[Board "3"]
[White "Motyl, Tomasz"]
[Black "Jiruse, Josef"]
[Result "1/2-1/2"]
[WhiteElo "1941"]
[BlackElo "1970"]
[PlyCount "0"]
[EventDate "2025.08.17"]
[EventRounds "9"]
[EventCountry "CZE"]

1. e4 c6 2. d4 d5 3. e5 Bf5 4. h4 h5 5. Bg5 Qb6 6. Bd3 Bxd3 7. Qxd3 e6 8. Nd2 Ne7
9. Bxe7 Bxe7 10. Ngf3 c5 11. c3 Nc6 12. O-O cxd4  1/2-1/2

[Event "Olomouc Chess Summer 2025 - D1"]
[Site "Olomouc (CZE), Hotel Flora"]
[Date "2025.08.20"]
[Round "5"]
[Board "4"]
[White "Ptacek, Lubos"]
[Black "Heller, Jan"]
[Result "1/2-1/2"]
[WhiteElo "2074"]
[BlackElo "1919"]
[PlyCount "0"]
[EventDate "2025.08.17"]
[EventRounds "9"]
[EventCountry "CZE"]

1. e4 e6 2. d4 d5 3. Nd2 a6 4. Bd3 c5 5. dxc5 Bxc5 6. exd5 exd5 7. Ngf3 Nf6 8. O-O
O-O 9. Nb3 Ba7 10. h3 h6 11. c3 Nc6 12. Bf4 Re8 13. Bc2 Ne4 14. Nbd4 Qf6 15. Bh2
Nxd4 16. Nxd4 Bd7 17. f3 Nd6 18. Kh1 Nf5 19. Nxf5 Bxf5 20. Bxf5 Qxf5 21. Qb3 Re7
22. Rad1 Rd8 23. Rfe1  1/2-1/2

[Event "Olomouc Chess Summer 2025 - D1"]
[Site "Olomouc (CZE), Hotel Flora"]
[Date "2025.08.20"]
[Round "5"]
[Board "5"]
[White "Heyl, Thomas"]
[Black "Llopis de Aysa, Manuel"]
[Result "1-0"]
[WhiteElo "1940"]
[BlackElo "2023"]
[PlyCount "0"]
[EventDate "2025.08.17"]
[EventRounds "9"]
[EventCountry "CZE"]

1. c4 e6 2. Nc3 d5 3. d4 Nf6 4. cxd5 exd5 5. Bg5 Be7 6. e3 O-O 7. Bd3 h6 8. Bh4 Re8
9. Nf3 c6 10. Qc2 Ne4 11. Bxe7 Qxe7 12. Bxe4 dxe4 13. Ne5 Nd7 14. Nxd7 Bxd7 15. O-O
Be6 16. Qxe4 Qg5 17. Qf3 Rad8 18. Qg3 Qh5 19. f3 Bc8 20. Ne4 Re6 21. Qc7 Qh4 22.
g3 Qe7 23. Qxe7 Rxe7 24. Kf2 b6 25. Rac1 Bb7 26. b4 Kf8 27. g4 Re6 28. h3 Rde8 29.
Rc3 Rd8 30. Rfc1 Rd5 31. Ra3 a6 32. Rb3 Rd8 33. Nd2 Rb8 34. Nc4 Ba8 35. Ne5 Rd6 36.
Rbc3 Rc8 37. Nc4  1-0

[Event "Olomouc Chess Summer 2025 - D1"]
[Site "Olomouc (CZE), Hotel Flora"]
[Date "2025.08.21"]
[Round "6"]
[Board "1"]
[White "Glimbrant, Torbjorn"]
[Black "Bartos, Jan"]
[Result "1-0"]
[WhiteElo "2039"]
[BlackElo "2167"]
[PlyCount "0"]
[EventDate "2025.08.17"]
[EventRounds "9"]
[EventCountry "CZE"]

1. e4 c5 2. Nf3 a6 3. c3 d5 4. exd5 Qxd5 5. d4 e6 6. Be3 Nd7 7. c4 Qd6 8. Nc3 Ngf6
9. dxc5 Qxd1+ 10. Rxd1 Bxc5 11. Bxc5 Nxc5 12. b4 Nce4 13. Nxe4 Nxe4 14. a3 a5 15.
Bd3 Nc3 16. Rc1 Na4 17. c5 O-O 18. O-O Rd8 19. Bb5 Bd7 20. Bxd7 Rxd7 21. Ne5 Rd5
22. Nc4 axb4 23. axb4 Rd4 24. g3 Kf8 25. Kg2 Rad8 26. Rc2 Rd3 27. Ra1 Nc3 28. Ra7
Nb5 29. Rxb7 Nd4 30. Ra2 Nf5 31. Raa7 g5 32. Ne5 R3d5 33. Nxf7 Ne3+ 34. fxe3 Rd2+
35. Kh3 R8d5 36. Nxg5  1-0

[Event "Olomouc Chess Summer 2025 - D1"]
[Site "Olomouc (CZE), Hotel Flora"]
[Date "2025.08.21"]
[Round "6"]
[Board "2"]
[White "Simecek, Bohumil"]
[Black "Vales, Vaclav"]
[Result "1/2-1/2"]
[WhiteElo "1991"]
[BlackElo "2059"]
[PlyCount "0"]
[EventDate "2025.08.17"]
[EventRounds "9"]
[EventCountry "CZE"]

1. d4 d5 2. Nf3 Nf6 3. c4 c6 4. Nc3 e6 5. e3 Nbd7 6. Qc2 Bd6 7. Be2 O-O 8. O-O dxc4
9. Bxc4 e5 10. dxe5 Nxe5 11. Be2 Qe7 12. b3 Bg4 13. Nd4 Bxe2 14. Ncxe2 Ba3 15. Rd1
 1/2-1/2

[Event "Olomouc Chess Summer 2025 - D1"]
[Site "Olomouc (CZE), Hotel Flora"]
[Date "2025.08.21"]
[Round "6"]
[Board "3"]
[White "Jiruse, Josef"]
[Black "Heyl, Thomas"]
[Result "1/2-1/2"]
[WhiteElo "1970"]
[BlackElo "1940"]
[PlyCount "0"]
[EventDate "2025.08.17"]
[EventRounds "9"]
[EventCountry "CZE"]

1. e4 c5 2. Nf3 Nc6 3. d4 cxd4 4. Nxd4 e5 5. Nf5 d5 6. exd5 Bxf5 7. dxc6 Qxd1+ 8.
Kxd1 bxc6 9. Ba6 Rd8+ 10. Bd2 Bc5 11. Re1 Ne7 12. f3 O-O 13. Kc1 f6 14. b4 Bd4 15.
c3 Bf2 16. Re2 Bg1 17. g3 Bd3 18. Bxd3 Rxd3 19. f4 Ng6 20. Kc2 Rfd8 21. Na3 Bb6 22.
Nc4 exf4 23. Bxf4 Nxf4 24. gxf4 Bc7 25. Rf2 Rh3 26. a4 Rh4 27. Na5 Bxa5 28. bxa5
Rh5 29. Rd2 Rxd2+ 30. Kxd2 Rxa5 31. Kd3 Kf7 32. c4 g5 33. fxg5 fxg5 34. Kd4 Rf5 35.
Rb1 c5+ 36. Ke4 Ke6 37. Rb7 Rf4+ 38. Kd3 Rf3+ 39. Ke4 Rf4+ 40. Kd3 Rf7 41. Rb5 Kd6
42. a5 h5 43. Rb8 Rf2 44. Ra8 Rxh2 45. Rxa7 g4 46. Rg7 Rg2 47. a6 g3 48. a7 Ra2 49.
Rxg3 Rxa7 50. Rg6+ Ke5 51. Rg5+ Kf4 52. Rxh5 Ra3+ 53. Kc2 Ke4 54. Kb2 Ra5 55. Kb3
Kd4 56. Rg5 Kd3 57. Rd5+  1/2-1/2

[Event "Olomouc Chess Summer 2025 - D1"]
[Site "Olomouc (CZE), Hotel Flora"]
[Date "2025.08.21"]
[Round "6"]
[Board "4"]
[White "Heller, Jan"]
[Black "Motyl, Tomasz"]
[Result "0-1"]
[WhiteElo "1919"]
[BlackElo "1941"]
[PlyCount "0"]
[EventDate "2025.08.17"]
[EventRounds "9"]
[EventCountry "CZE"]

1. d4 Nf6 2. Bf4 d5 3. e3 c5 4. Nd2 cxd4 5. exd4 Nc6 6. c3 Bf5 7. Ngf3 e6 8. Nh4
Be4 9. Nhf3 Bd6 10. Ne5 Qc7 11. Nxe4 Nxe4 12. Bb5 O-O 13. Bxc6 bxc6 14. Qf3 Rab8
15. O-O Rxb2 16. c4 f6 17. Nd3 Rc2 18. cxd5 cxd5 19. Qd1 Rc4 20. Bxd6 Qxd6 21. f3
Nc3 22. Qd2 Nb5 23. a4 Nxd4 24. Nb2 Qc5 25. Qd3 Rc2 26. Rab1 Rb8  0-1

[Event "Olomouc Chess Summer 2025 - D1"]
[Site "Olomouc (CZE), Hotel Flora"]
[Date "2025.08.21"]
[Round "6"]
[Board "5"]
[White "Krejci, Jan"]
[Black "Zidu, Jan"]
[Result "1-0"]
[WhiteElo "2131"]
[BlackElo "1940"]
[PlyCount "0"]
[EventDate "2025.08.17"]
[EventRounds "9"]
[EventCountry "CZE"]

1. Nf3 d5 2. c4 d4 3. b4 f6 4. d3 e5 5. a3 c5 6. b5 Bd6 7. g3 Be6 8. Bg2 Nd7 9. Nbd2
Qc7 10. Bb2 Ne7 11. Ne4 O-O 12. Qd2 h6 13. e3 Rae8 14. a4 Nc8 15. O-O f5 16. Nxd6
Nxd6 17. exd4 exd4 18. Rae1 Bf7 19. Rxe8 Rxe8 20. Re1 Qd8 21. Bc1 Rxe1+ 22. Qxe1
Qf6 23. Qa5 g5 24. Qxa7 Qe6 25. Qa5 b6 26. Qe1 Nxc4 27. Qxe6 Bxe6 28. dxc4 Bxc4 29.
Nd2 Bd3 30. Bd5+ Kg7 31. Ba3 Kf6 32. f4 g4 33. Bc6 Nb8 34. a5 c4 35. a6 Nxc6 36.
bxc6 c3 37. Nb3 Bxa6 38. Nxd4  1-0

[Event "Olomouc Chess Summer 2025 - D1"]
[Site "Olomouc (CZE), Hotel Flora"]
[Date "2025.08.22"]
[Round "7"]
[Board "1"]
[White "Motyl, Tomasz"]
[Black "Glimbrant, Torbjorn"]
[Result "1/2-1/2"]
[WhiteElo "1941"]
[BlackElo "2039"]
[PlyCount "0"]
[EventDate "2025.08.17"]
[EventRounds "9"]
[EventCountry "CZE"]

1. e4 c5 2. Nc3 e6 3. Nge2 Nc6 4. g3 d5 5. d3 d4 6. Nb1 e5 7. Bg2 f6 8. h4 Bd6 9.
Nd2 Nge7 10. Ng1 h5 11. Bh3 Bxh3 12. Nxh3 Qd7 13. Nc4 Bc7 14. a4 Na5 15. Nxa5 Bxa5+
16. Kf1 O-O-O 17. Kg2 Kb8 18. Bd2 Bxd2 19. Qxd2 Rc8 20. f4 Nc6 21. f5 Ne7 22. b3
g6 23. fxg6 Rcg8 24. Kh2 Rxg6 25. Rhg1 Ng8 26. Qg2 Nh6 27. Nf2 Rhg8 28. Qh3 Qd6 29.
Raf1 a6 30. Ra1 Ka7 31. Rae1 Qb6 32. Qd7 R6g7 33. Qd5 Rd8 34. Qc4 Qd6 35. a5 Qc7
36. Ra1 Rc8 37. Qe6 Rg6 38. Ra4 Qd8 39. Raa1 Rc6 40. Qh3 Qe7 41. Rae1 Qg7 42. Ra1
Kb8 43. Qf1 Rc8 44. Qe2 Rg8 45. Qf3 Qh7 46. Rg2 Nf7 47. Rag1 Nh6 48. Kh1 Nf7 49.
Kh2 Qh6 50. Nh3 Nd6 51. Rf1 R8g7 52. Rfg1 Ka7 53. Rf1 Qh8 54. Rfg1 Rh6 55. Rf1 Qd8
56. Ra1 Qc7 57. Qe2 Qc8 58. Rf1 Qd8 59. Ra1 Qc8  1/2-1/2

[Event "Olomouc Chess Summer 2025 - D1"]
[Site "Olomouc (CZE), Hotel Flora"]
[Date "2025.08.22"]
[Round "7"]
[Board "2"]
[White "Vales, Vaclav"]
[Black "Krejci, Jan"]
[Result "0-1"]
[WhiteElo "2059"]
[BlackElo "2131"]
[PlyCount "0"]
[EventDate "2025.08.17"]
[EventRounds "9"]
[EventCountry "CZE"]

1. Nf3 d5 2. d4 Nf6 3. c4 e6 4. Nc3 c6 5. cxd5 exd5 6. Bg5 h6 7. Bh4 Be7 8. Qc2 O-O
9. e3 Re8 10. Bd3 Nbd7 11. O-O Ne4 12. Bxe4 Bxh4 13. Bh7+ Kh8 14. Nxh4 Qxh4 15. Bd3
Nf6 16. b4 Bd7 17. b5 Ng4 18. h3 Nxe3 19. fxe3 Rxe3 20. Nd1 Rg3 21. Bf5 Qxd4+ 22.
Nf2 Rc3 23. Qb1 Be6 24. bxc6 bxc6 25. Qb7 Rg8 26. Bxe6 fxe6 27. Rad1 Qc5 28. Kh1
Rf8 29. Ng4 Rxf1+ 30. Rxf1 Rc1 31. Qb8+ Kh7 32. Rxc1 Qxc1+ 33. Kh2 h5 34. Qe5 hxg4
 0-1

[Event "Olomouc Chess Summer 2025 - D1"]
[Site "Olomouc (CZE), Hotel Flora"]
[Date "2025.08.22"]
[Round "7"]
[Board "3"]
[White "Bartos, Jan"]
[Black "Muzik, Roman"]
[Result "1-0"]
[WhiteElo "2167"]
[BlackElo "1879"]
[PlyCount "0"]
[EventDate "2025.08.17"]
[EventRounds "9"]
[EventCountry "CZE"]

1. e4 e5 2. Nf3 Nc6 3. Bb5 a6 4. Ba4 Nf6 5. O-O b5 6. Bb3 Be7 7. Re1 O-O 8. h3 d6
9. c3 Na5 10. Bc2 c5 11. d4 Qc7 12. d5 Bd7 13. b3 c4 14. b4 Nb7 15. a4 a5 16. axb5
axb4 17. Rxa8 Rxa8 18. cxb4 Bxb5 19. Nc3 Bd7 20. Be3 Ra3 21. Qd2 Nh5 22. Nb1 Ra2
23. Qc3 Nf4 24. Na3 Rxc2 25. Qxc2 Nd3 26. Rb1 f5 27. Qxc4 Qxc4 28. Nxc4 fxe4 29.
Nfd2 Bb5 30. Ra1 Nxb4 31. Rb1  1-0

[Event "Olomouc Chess Summer 2025 - D1"]
[Site "Olomouc (CZE), Hotel Flora"]
[Date "2025.08.22"]
[Round "7"]
[Board "4"]
[White "Heyl, Thomas"]
[Black "Simecek, Bohumil"]
[Result "1/2-1/2"]
[WhiteElo "1940"]
[BlackElo "1991"]
[PlyCount "0"]
[EventDate "2025.08.17"]
[EventRounds "9"]
[EventCountry "CZE"]

1. c4 Nf6 2. Nc3 g6 3. e4 d6 4. d4 Bg7 5. h3 O-O 6. Be3 e5 7. d5 a5 8. g4 Na6 9.
Nge2 Bd7 10. Qd2 Ne8 11. Ng3 Nc5 12. Be2  1/2-1/2

[Event "Olomouc Chess Summer 2025 - D1"]
[Site "Olomouc (CZE), Hotel Flora"]
[Date "2025.08.22"]
[Round "7"]
[Board "5"]
[White "Llopis de Aysa, Manuel"]
[Black "Jiruse, Josef"]
[Result "1/2-1/2"]
[WhiteElo "2023"]
[BlackElo "1970"]
[PlyCount "0"]
[EventDate "2025.08.17"]
[EventRounds "9"]
[EventCountry "CZE"]

1. d4 f5 2. Bg5 d5 3. e3 Be6 4. Bd3 c6 5. Nf3 Nf6 6. Bxf6 exf6 7. Qe2 Qb6 8. c3 Nd7
9. O-O Qc7 10. c4 dxc4 11. Bxc4 Bxc4 12. Qxc4 O-O-O 13. b4 Nb6 14. Qb3 Kb8 15. Rc1
f4 16. e4 Qe7 17. b5 cxb5 18. Qxb5 Qxe4 19. Nc3 Qe8 20. Qf5 Bd6 21. Nb5 Qd7 22. Nxd6
Qxd6 23. a4 g6 24. Qb5 Qd7 25. Qb3 Qd5 26. Qb4 Rc8 27. Rc5 Rxc5 28. dxc5 Qc4 29.
Qa3 Nd7 30. Rc1 Qd5 31. c6 bxc6 32. Qb4+ Ka8 33. Qxf4 Rc8 34. h3 g5 35. Qe3 Ne5  1/2-1/2